Suomen riistalajit - Statistics

Yleistilastot
  • Tätä visaa on pelattu 54 kertaa
  • Keskiarvotulos 13 / 16
Vastaustilastot
Kuvavisa Vastaus % Oikein
Hirvi
100%
Metso
100%
Rusakko
100%
Kettu
98%
Karhu
96%
Sinisorsa
94%
Metsäjänis
89%
Teeri
89%
Metsäkauris
85%
Riekko
79%
Valkohäntäpeura
79%
Pyy
74%
Minkki
66%
Sepelkyyhky
66%
Telkkä
57%
Kiiruna
47%
Ehtoja vastaavia visoja ei löytynyt
Tulosjakauma
Jokaisen tuloksen saaneiden osuus
Persentiili vastausten määrän mukaan
Tuloshistoriasi
Et ole pelannut tätä visaa